Sports Quiz

Random Sports or NHL Quiz
Score 0/75 Timer 10:00
0 Plays Today
Jersey number Player % Correct
12Jarome Iginla
100%
13Johnny Gaudreau
96.1%
34Miikka Kiprusoff
96.1%
5Mark Giordano
94.1%
2Al MacInnis
90.2%
25Joe Nieuwendyk
90.2%
9Lanny McDonald
88.2%
30Mike Vernon
88.2%
41Mike Smith
84.3%
3Dion Phaneuf
82.4%
14Theoren Fleury
82.4%
11Mikael Backlund
80.4%
39Doug Gilmour
80.4%
7Joe Mullen
78.4%
20Gary Suter
74.5%
66T.J. Brodie
74.5%
19Matthew Tkachuk
72.5%
93Sam Bennett
72.5%
22Daymond Langkow
66.7%
29Joel Otto
66.7%
10Gary Roberts
64.7%
67Michael Frolik
62.7%
40Alex Tanguay
58.8%
24Jim Peplinski
56.9%
8Valeri Bure
52.9%
55Noah Hanifin
52.9%
23Paul Reinhart
51%
59Max Reinhart
51%
68Jaromir Jagr
49%
42Sergei Makarov
47.1%
49Richie Regehr
47.1%
16Guy Chouinard
45.1%
53Derek Morris
43.1%
88Andrew Mangiapane
43.1%
77Mark Jankowski
41.2%
79Micheal Ferland
41.2%
26Robert Reichel
39.2%
17Rene Bourque
37.3%
Jersey number Player % Correct
31Reggie Lemelin
37.3%
27Eric Vail
35.3%
32Toni Lydman
33.3%
51Dave Gagner
31.4%
54David Jones
29.4%
33Carey Wilson
27.5%
28Paul Ranheim
25.5%
60Markus Granlund
25.5%
47Sven Baertschi
23.5%
92Michael Nylander
23.5%
36Troy Brouwer
21.6%
64Garnet Hathaway
17.6%
4Pekka Rautakallio
15.7%
58Dave Moss
15.7%
89Alan Quine
15.7%
1Phil Myre
13.7%
37Dean McAmmond
13.7%
44Jonas Hoglund
11.8%
57Lance Bouma
11.8%
56Tyler Wotherspoon
9.8%
86Josh Jooris
9.8%
6Ken Houston
7.8%
18Rey Comeau
7.8%
21Larry Romanchych
5.9%
15Kevin LaVallee
5.9%
35Jeff Reese
5.9%
38Jeff Cowan
5.9%
43Christopher Breen
5.9%
46Jason Morgan
5.9%
45Jamie Lundmark
5.9%
48Greg Nemisz
5.9%
52Brandon Bollig
5.9%
61Brett Kulak
5.9%
62Andrei Nazarov
5.9%
63Warren Peters
5.9%
50Pave Torgaev
3.9%
65Turner Elson
3.9%
Come Together.
Have Fun.
All Virtual.
We all need to come together. Play Sporcle's virtual live trivia to have fun, connect with people, and get your trivia on. Join a live hosted trivia game for your favorite pub trivia experience done virtually. If a virtual private party is more your thing, go here for details.

You're not logged in!

Compare scores with friends on all Sporcle quizzes.
OR
Log In

Sporcle TV

Today on Sporcle TV


Watch our educational content, quiz creation guides, and fun videos on Sporcle TV.

Show Comments

Extras

Top Quizzes Today


Score Distribution

Paid Content

Your Account Isn't Verified!

In order to create a playlist on Sporcle, you need to verify the email address you used during registration. Go to your Sporcle Settings to finish the process.

Report this User

Report this user for behavior that violates our Community Guidelines.

Details: